00470nam a2200145Ia 4500008004100000100001800041245008400059245004400143260005900187260000900246300001000255650001800265650001500283856002600298170221s9999 xx 000 0 und d aReggy Capacio 4aThe Technology and Diaspora: Investigating Immigration Issues in Timog Online  cReggy Capacio Figer Catherine de Torres bOnline Journal of Communication and Media Technologies c2015 a4 : 5 xCommunication xMedia Arts uhttp://www.ojcmt.net/